MARC details
| 000 -LEADER |
| fixed length control field |
01020nam a22002417a 4500 |
| 003 - CONTROL NUMBER IDENTIFIER |
| control field |
3228 |
| 005 - DATE AND TIME OF LATEST TRANSACTION |
| control field |
20241010085354.0 |
| 008 - FIXED-LENGTH DATA ELEMENTS--GENERAL INFORMATION |
| fixed length control field |
241010b sa ||||| |||| 00| 0 eng d |
| 020 ## - INTERNATIONAL STANDARD BOOK NUMBER |
| International Standard Book Number |
9780636 082014 |
| Terms of availability |
Paperback |
| 040 ## - CATALOGING SOURCE |
| Original cataloging agency |
RDA |
| Language of cataloging |
English |
| Transcribing agency |
3228 |
| 082 ## - DEWEY DECIMAL CLASSIFICATION NUMBER |
| Classification number |
ST 500.2 PHYS |
| 100 ## - MAIN ENTRY--PERSONAL NAME |
| Personal name |
Geduld, E |
| 245 ## - TITLE STATEMENT |
| Title |
Focus study guide. Physical sciences: |
| Remainder of title |
Grade 10, Grade 11, Grade 12 |
| Statement of responsibility, etc. |
E Geduld, W Green, V Mkhwanazi, P Mzolo, D Whitfield |
| 260 ## - PUBLICATION, DISTRIBUTION, ETC. |
| Place of publication, distribution, etc. |
Cape Town : |
| Name of publisher, distributor, etc. |
Maskew Miller Longman, |
| Date of publication, distribution, etc. |
2007. |
| 300 ## - PHYSICAL DESCRIPTION |
| Extent |
x, 294 pages |
| Other physical details |
colour illustrations: |
| Dimensions |
24 cm |
| 490 ## - SERIES STATEMENT |
| Series statement |
Focus Study Guide |
| International Standard Serial Number |
9780636 082014 |
| 500 ## - GENERAL NOTE |
| General note |
"Three grades in one book; Key concept summaries; Practice questions, exams and answers"--Cover.<br/><br/>"MOBI cellphone lessons also available"--Cover. |
| 504 ## - BIBLIOGRAPHY, ETC. NOTE |
| Bibliography, etc. note |
Includes index and glossary |
| 521 ## - TARGET AUDIENCE NOTE |
| Target audience note |
Junior |
| 651 ## - SUBJECT ADDED ENTRY--GEOGRAPHIC NAME |
| Geographic name |
South Africa |
| 9 (RLIN) |
116385 |
| 700 ## - ADDED ENTRY--PERSONAL NAME |
| Personal name |
W Green, Jeremy David, MML Studio, MML Studio, DIS / David Pickett, Mckore Graphics, Mckore Graphics |
| 9 (RLIN) |
189726 |
| 942 ## - ADDED ENTRY ELEMENTS |
| Source of classification or shelving scheme |
Dewey Decimal Classification |
| item type |
Series |
| -- |
12663 |
| -- |
Priscilla Nozizwe Mogale |
| -- |
12663 |
| -- |
Priscilla Nozizwe Mogale |